23 Special Administrative wards of Tokyo, Japan with a Map (Sprint Version) - Statistics

General Stats
  • This quiz has been taken 341 times
  • The average score is 12 of 23
Answers on the Map
Answers color-coded by a green-red scale on the quiz's map according to % correct below.
 
Answer Stats
Answer % Correct
Shibuya
77%
Shinjuku
77%
Minato
67%
Ota
63%
Setagaya
61%
Shinagawa
59%
Chuo
57%
Edogawa
57%
Koto
57%
Meguro
56%
Nerima
56%
Chiyoda
55%
Kita
53%
Bunkyo
51%
Adachi
48%
Nakano
45%
Taito
44%
Katsushika
43%
Arakawa
39%
Suginami
39%
Sumida
38%
Itabashi
36%
Toshima
36%
No matching quizzes found
Score Distribution
Percent of People with Each Score
Percentile by Number Answered
Your Score History
You have not taken this quiz